| 000 | 00672nam a22002057a 4500 | ||
|---|---|---|---|
| 005 | 20170728154054.0 | ||
| 010 | _aENG-119460 | ||
| 020 |
_a9788125059196 _c125.00 |
||
| 035 | _aEN-102992 | ||
| 037 | _bDBAD/PUB | ||
| 082 | _a480 | ||
| 245 |
_aSymphony of prose and poetry : _cedited by Jagdish M. Saboo,Sonali Rode [and] Vasant Hebbar _ba textbook of supplementary English / |
||
| 260 |
_aHydrabad _bOrient BlackSwan _c2017 |
||
| 270 |
_a3-6-752,Himayat Nagar _bHydrabad (Telagana) _e500029 |
||
| 300 |
_avi,184p. _b22cm(pbk) |
||
| 700 | _aby Saboo,Jagdish M. | ||
| 700 | _a Rode,Sonali | ||
| 700 | _a Hebbar, Vasant | ||
| 942 |
_2ddc _cEN _mSYM _h480 |
||
| 999 |
_c142970 _d142970 |
||